Devine le club belge à partir de son logo- Partie 2 - Statistiques

Statistiques générales
  • Ce quiz a été pris 23 fois
  • Le résultat moyen est 12 sur 18
Statistiques - réponses
Par images Réponse % Correct
Antwerp
95%
Cercle Bruges
91%
La Louvière
91%
Mouscron
91%
Saint-Trond
91%
RFC Liège
86%
Seraing
82%
Beerschot
73%
Dender
73%
Mons
68%
Tubize
59%
Virton
59%
Lokeren
55%
Francs Borains
50%
Patro Eisden
50%
Tournai
45%
Union Namur
36%
Roeselare
32%
Aucun quiz correspondant
Distribution des résultats
% des personnes avec chaque résultat
Percentile par nombre de réponses
Votre historique - résultats
Vous n’avez pas pris ce quiz